<?xml version="1.0" encoding="UTF-8"?>
<record
    xmlns:xsi="http://www.w3.org/2001/XMLSchema-instance"
    xsi:schemaLocation="http://www.loc.gov/MARC21/slim http://www.loc.gov/standards/marcxml/schema/MARC21slim.xsd"
    xmlns="http://www.loc.gov/MARC21/slim">

  <leader>00343nam a2200133Ia 4500</leader>
  <controlfield tag="005">20251013221657.0</controlfield>
  <controlfield tag="008">251010s9999    xx            000 0 und d</controlfield>
  <datafield tag="041" ind1=" " ind2=" ">
    <subfield code="a">mar</subfield>
  </datafield>
  <datafield tag="100" ind1=" " ind2=" ">
    <subfield code="a">&#x930;&#x93E;&#x91C;&#x93E;&#x927;&#x94D;&#x200D;&#x92F;&#x915;&#x94D;&#x937;  &#x92E;&#x902;.</subfield>
    <subfield code="9">214569</subfield>
  </datafield>
  <datafield tag="245" ind1=" " ind2=" ">
    <subfield code="a">&#x92D;&#x93E;&#x937;&#x93E;&#x935;&#x93F;&#x935;&#x947;&#x915;</subfield>
  </datafield>
  <datafield tag="250" ind1=" " ind2=" ">
    <subfield code="a">1ST</subfield>
  </datafield>
  <datafield tag="260" ind1=" " ind2=" ">
    <subfield code="b">Shreevidya</subfield>
    <subfield code="c">1997</subfield>
  </datafield>
  <datafield tag="300" ind1=" " ind2=" ">
    <subfield code="a">208</subfield>
  </datafield>
  <datafield tag="999" ind1=" " ind2=" ">
    <subfield code="c">368862</subfield>
    <subfield code="d">368862</subfield>
  </datafield>
  <datafield tag="952" ind1=" " ind2=" ">
    <subfield code="0">0</subfield>
    <subfield code="1">0</subfield>
    <subfield code="4">0</subfield>
    <subfield code="7">0</subfield>
    <subfield code="a">SSMM</subfield>
    <subfield code="b">SSMM</subfield>
    <subfield code="d">2014-05-16</subfield>
    <subfield code="g">200.00</subfield>
    <subfield code="i">279</subfield>
    <subfield code="l">0</subfield>
    <subfield code="p">SSMM-ABK-010000866</subfield>
    <subfield code="r">2025-10-13 22:16:57</subfield>
    <subfield code="w">1997-02-12</subfield>
    <subfield code="y">BK</subfield>
    <subfield code="z">ABK010000866</subfield>
  </datafield>
</record>
